000 00702cam a2200241 a 4500
001 900314
005 20250603110648.0
008 810810s1981 nju b 000 0 eng
020 _a088270513X (pbk.)
050 0 0 _aBV652.2
_b.C46
082 0 0 _a253.7/6
_219
100 1 _aCho, Yong-gi,
_d1936-
245 1 0 _aSuccessful home cell groups /
_cPaul Yonggi Cho with Harold Hostetler.
260 _aPlainfield, N.J. :
_bLogos International,
_cc1981.
300 _aix, 176, [1] p. ;
_c21 cm.
650 0 _aChurch group work.
650 0 _aEvangelistic work.
650 0 _aChurch growth.
650 0 _aHouse churches.
650 0 _aCell churches.
700 1 _aHostetler, Harold.
942 _2lcc
_cBK
_n0
999 _c6197
_d6197